Barcoding with Excel : covering both IBM and macintosh versions
| Main Author: | |
|---|---|
| Format: | Book |
| Published: |
Blue Ridge Summit :
TPR ,
1990
|
| Subjects: |
MARC
| LEADER | 00000cam a2200000 7i4500 | ||
|---|---|---|---|
| 001 | 0000004856 | ||
| 002 | 000005237 | ||
| 005 | 20080122.0 | ||
| 020 | |a 0830633022 | ||
| 090 | 0 | 0 | |a 658.780285642 |b GAL |
| 100 | 1 | |a Galter, Irwin B | |
| 245 | 1 | 0 | |a Barcoding with Excel : |b covering both IBM and macintosh versions |c Irwin B.Galter |
| 260 | |a Blue Ridge Summit : |b TPR , |c 1990 | ||
| 300 | |a 369p. ; |c 24cm. | ||
| 650 | 0 | 0 | |a Microsoft Excel (Computer file) |
| 650 | 0 | 0 | |a Product coding |x Data processing |
| 999 | |a 037627 |b BUKU |c PINJAMAN |e PERPUSTAKAAN KOMUNITI PETALING JAYA | ||